000 00563nam a22001937a 4500
003 0
005 20251112092153.0
008 251112b xxu||||| |||| 00| 0 eng d
020 _a0-451-18790-3
050 _aPZ 4034
_b.Au933 1995
100 _aAusten, Jane,
_eauthor.
245 _aSense and sensibility /
_cJane Austen.
260 _aNew York, NY :
_bSignet,
_c1995.
300 _axix, 315 pages ;
_c18 cm.
504 _aIncludes bibliographical references.
650 _aRomantic literature
_xFiction.
650 _aLove stories
_xFiction.
942 _2lcc
_cBK
999 _c368610
_d368610